Southville International School and Colleges
Your cart is empty.
  • Cart
  • Lists
    Public lists Eva Luna New books Lux_list list_1
    Your lists Log in to create your own lists
  • Log in to your account
  • Your cookies
  • Search history
Southville International School and Colleges
  • Advanced search
  • Recent comments
  • Most popular
  • Libraries

Log in to your account

Log in with GOOGLE


If you do not have an external account, but do have a local account, you can still log in:

  1. Home
  2. MARC view: Bipolar kids :
Normal view MARC view ISBD view

Bipolar kids : (Record no. 16367)

[ view plain ]
MARC details
000 -LEADER
fixed length control field 01521cam a2200385 a 4500
001 - CONTROL NUMBER
control field 14665341
003 - CONTROL NUMBER IDENTIFIER
control field OSt
005 - DATE AND TIME OF LATEST TRANSACTION
control field 20140310182820.0
008 - FIXED-LENGTH DATA ELEMENTS--GENERAL INFORMATION
fixed length control field 061211s2007 mau b 001 0 eng
010 ## - LIBRARY OF CONGRESS CONTROL NUMBER
LC control number 2006101127
015 ## - NATIONAL BIBLIOGRAPHY NUMBER
National bibliography number GBA702458
Source bnb
016 7# - NATIONAL BIBLIOGRAPHIC AGENCY CONTROL NUMBER
Record control number 013639581
Source Uk
020 ## - INTERNATIONAL STANDARD BOOK NUMBER
International Standard Book Number 0738210803 (hardcover : alk. paper)
020 ## - INTERNATIONAL STANDARD BOOK NUMBER
International Standard Book Number 9780738211138
035 ## - SYSTEM CONTROL NUMBER
System control number (OCoLC)ocm76967278
040 ## - CATALOGING SOURCE
Original cataloging agency DLC
Transcribing agency DLC
Modifying agency YDX
-- BAKER
-- BTCTA
-- MEA
-- YDXCP
-- VP@
-- UKM
-- OUN
-- SMP
-- CQU
-- DLC
050 00 - LIBRARY OF CONGRESS CALL NUMBER
Classification number RJ 506.D4
Item number .G74 2007
100 1# - MAIN ENTRY--PERSONAL NAME
Personal name Greenberg, Rosalie.
245 10 - TITLE STATEMENT
Title Bipolar kids :
Remainder of title helping your child find calm in the mood storm /
Statement of responsibility, etc Rosalie Greenberg.
250 ## - EDITION STATEMENT
Edition statement 1st Da Capo press ed.
260 ## - PUBLICATION, DISTRIBUTION, ETC. (IMPRINT)
Place of publication, distribution, etc Cambridge, MA :
Name of publisher, distributor, etc Da Capo Life Long,
Date of publication, distribution, etc 2007.
300 ## - PHYSICAL DESCRIPTION
Extent 294 p. :
Dimensions 24 cm.
504 ## - BIBLIOGRAPHY, ETC. NOTE
Bibliography, etc Includes bibliographical references (p. 267-286) and index.
521 ## - TARGET AUDIENCE NOTE
Target audience note
650 #0 - SUBJECT ADDED ENTRY--TOPICAL TERM
Topical term or geographic name as entry element Manic-depressive illness in children.
650 #2 - SUBJECT ADDED ENTRY--TOPICAL TERM
Topical term or geographic name as entry element Bipolar Disorder
650 #2 - SUBJECT ADDED ENTRY--TOPICAL TERM
Topical term or geographic name as entry element Child Psychiatry
856 41 - ELECTRONIC LOCATION AND ACCESS
Materials specified Table of contents only
Uniform Resource Identifier <a href="http://www.loc.gov/catdir/toc/ecip076/2006101127.html">http://www.loc.gov/catdir/toc/ecip076/2006101127.html</a>
856 42 - ELECTRONIC LOCATION AND ACCESS
Materials specified Contributor biographical information
Uniform Resource Identifier <a href="http://www.loc.gov/catdir/enhancements/fy0833/2006101127-b.html">http://www.loc.gov/catdir/enhancements/fy0833/2006101127-b.html</a>
856 42 - ELECTRONIC LOCATION AND ACCESS
Materials specified Publisher description
Uniform Resource Identifier <a href="http://www.loc.gov/catdir/enhancements/fy0833/2006101127-d.html">http://www.loc.gov/catdir/enhancements/fy0833/2006101127-d.html</a>
906 ## - LOCAL DATA ELEMENT F, LDF (RLIN)
a 7
b cbc
c orignew
d 1
e ecip
f 20
g y-gencatlg
942 ## - ADDED ENTRY ELEMENTS (KOHA)
Source of classification or shelving scheme Library of Congress Classification
Koha item type Books
Call number prefix Foreign
Holdings
Withdrawn status Lost status Source of classification or shelving scheme Damaged status Home library Current library Shelving location Date acquired Total Checkouts Full call number Barcode Date last seen Copy number Price effective from Koha item type
    Library of Congress Classification   College Library College Library General Circulation Section 03/04/2013   RJ 506.D4 .G74 2007 C11905 05/15/2018 1 03/04/2013 Books

Bipolar kids :

APA

Greenberg R., . (2007). Bipolar kids. Cambridge, MA: Da Capo Life Long.

Chicago

Greenberg Rosalie, . 2007. Bipolar kids. Cambridge, MA: Da Capo Life Long.

Harvard

Greenberg R., . (2007). Bipolar kids. Cambridge, MA: Da Capo Life Long.

MLA

Greenberg Rosalie, . Bipolar kids. Cambridge, MA: Da Capo Life Long. 2007.

  • Place hold
  • Print
  • Cite
  • Add to your cart (remove)
  • Save record
    BIBTEX Dublin Core MARCXML MARC (non-Unicode/MARC-8) MARC (Unicode/UTF-8) MARC (Unicode/UTF-8, Standard) MODS (XML) RIS
  • More searches
    Search for this title in:
    Other Libraries (WorldCat) Other Databases (Google Scholar) Online Stores (Bookfinder.com) Open Library (openlibrary.org)

Exporting to Dublin Core...

SOUTHVILLE LIBRARY

Southville International School and Colleges Library

1281 Tropical Ave. Cor. Luxembourg St., BF Homes International, Las Pinas City

Tel. No. 8256374 / 252358 Loc. 117/146

Powered by Koha